| 000 | 00710nam a2200253Ia 4500 | ||
|---|---|---|---|
| 003 | OSt | ||
| 005 | 20220918220426.0 | ||
| 006 | a|||||r|||| 00| 0 | ||
| 007 | ta | ||
| 008 | 220917b |||||||| |||| 00| 0 eng d | ||
| 024 | _a146,017 | ||
| 037 | _cTextual | ||
| 040 |
_aARTS _cARTS _beng |
||
| 041 |
_2eng _aeng |
||
| 082 | _aY7(Q8441).31.N8, M6 | ||
| 100 |
_aHelweg Arthur Wesley _9137475 |
||
| 245 | 0 | _aSikhs in England | |
| 260 |
_aDelhi _bOxford University Press _c1986 |
||
| 300 |
_axv, 268p. _ccm. |
||
| 500 | _aGlossary p242-244; Bibliography p252-261 | ||
| 650 | _aSOCIOLOGY | ||
| 942 |
_hY7(Q8441).31.N8, M6 _cTEXL _2CC |
||
| 999 |
_c268779 _d268779 |
||